To Bet or Not to Bet: A Reality Check for Tennis Betting Market Efficiency

Analýza efektívnosti trhu s tenisovými stávkami. Predikčná výkonnosť.

Na minha lista:
Detalhes bibliográficos
Autor principal: Lyócsa, Štefan, 1982-
Outros Autores: Výrost, Tomáš, 1978-
Formato: Capítulo de Livro
Idioma:inglês
Assuntos:
Tags: Adicionar Tag
Sem tags, seja o primeiro a adicionar uma tag!

MARC

LEADER 00000naa a2200000 4500
001 0240467
005 20240502083645.3
041 0 |a eng 
044 |a GB 
245 1 0 |a To Bet or Not to Bet: A Reality Check for Tennis Betting Market Efficiency  |c Štefan Lyócsa, Tomáš Výrost 
520 |a Analýza efektívnosti trhu s tenisovými stávkami. Predikčná výkonnosť. 
610 2 0 |a šport 
610 2 0 |a efektívnosť ekonomická 
610 2 0 |a lotérie 
610 2 0 |a stratégia obchodná 
610 2 0 |a predvídanie 
610 2 0 |a modely ekonometrické 
100 1 |a Lyócsa, Štefan, 1982- 
700 1 |a Výrost, Tomáš, 1978-